Handbook of industrial robotics / (Record no. 48096)

000 -LEADER
fixed length control field 01380pam a2200325 a 4500
001 - CONTROL NUMBER
control field 3086764
003 - CONTROL NUMBER IDENTIFIER
control field Nust
005 - DATE AND TIME OF LATEST TRANSACTION
control field 20250714111206.0
008 - FIXED-LENGTH DATA ELEMENTS--GENERAL INFORMATION
fixed length control field 980511s1999 nyua bf 001 0 eng
010 ## - LIBRARY OF CONGRESS CONTROL NUMBER
LC control number 98008017
020 ## - INTERNATIONAL STANDARD BOOK NUMBER
International Standard Book Number 0471177830 (alk. paper)
040 ## - CATALOGING SOURCE
Original cataloging agency DLC
Transcribing agency DLC
Modifying agency DLC
050 00 - LIBRARY OF CONGRESS CALL NUMBER
Classification number TS191.8
Item number .H36 1999
082 00 - DEWEY DECIMAL CLASSIFICATION NUMBER
Classification number 670.42/72
Edition number 21
Author Mark NOF
100 ## - MAIN ENTRY--PERSONAL NAME
Personal name Nof, Shimon Y.
9 (RLIN) 129812
245 00 - TITLE STATEMENT
Title Handbook of industrial robotics /
Statement of responsibility, etc. Shimon Y. Nof.
250 ## - EDITION STATEMENT
Edition statement 2nd ed.
260 ## - PUBLICATION, DISTRIBUTION, ETC.
Place of publication, distribution, etc. New York :
Name of publisher, distributor, etc. John Wiley,
Date of publication, distribution, etc. c1999.
300 ## - PHYSICAL DESCRIPTION
Extent xxii, 1348 p. :
Other physical details ill. ;
Dimensions 25 cm. +
Accompanying material 1 computer laser optical disc (4 3/4 in.)
504 ## - BIBLIOGRAPHY, ETC. NOTE
Bibliography, etc. note Includes bibliographical references and index.
538 ## - SYSTEM DETAILS NOTE
System details note System requirements for accompanying computer disc: Windows 95 or better.
650 #0 - SUBJECT ADDED ENTRY--TOPICAL TERM
Topical term or geographic name entry element Robots, Industrial
General subdivision Handbooks, manuals, etc.
9 (RLIN) 129813
700 1# - ADDED ENTRY--PERSONAL NAME
Personal name Nof, Shimon Y.,
Dates associated with a name 1946-
9 (RLIN) 129814
856 42 - ELECTRONIC LOCATION AND ACCESS
Materials specified Contributor biographical information
Uniform Resource Identifier <a href="http://www.loc.gov/catdir/bios/wiley047/98008017.html">http://www.loc.gov/catdir/bios/wiley047/98008017.html</a>
856 42 - ELECTRONIC LOCATION AND ACCESS
Materials specified Publisher description
Uniform Resource Identifier <a href="http://www.loc.gov/catdir/description/wiley032/98008017.html">http://www.loc.gov/catdir/description/wiley032/98008017.html</a>
856 4# - ELECTRONIC LOCATION AND ACCESS
Materials specified Table of Contents
Uniform Resource Identifier <a href="http://www.loc.gov/catdir/toc/onix02/98008017.html">http://www.loc.gov/catdir/toc/onix02/98008017.html</a>
906 ## - LOCAL DATA ELEMENT F, LDF (RLIN)
a 7
b cbc
c orignew
d 1
e ocip
f 19
g y-gencatlg
942 ## - ADDED ENTRY ELEMENTS (KOHA)
Source of classification or shelving scheme
Koha item type Book
Holdings
Withdrawn status Lost status Source of classification or shelving scheme Damaged status Not for loan Permanent Location Current Location Date acquired Full call number Barcode Date last seen Price effective from Koha item type
          School of Mechanical & Manufacturing Engineering (SMME) School of Mechanical & Manufacturing Engineering (SMME) 01/05/2017 670.4272 NOF SMME-41 01/05/2017 01/05/2017 Book
© 2023 Central Library, National University of Sciences and Technology. All Rights Reserved.